000 00778nam a2200241Ia 4500
003 OSt
005 20220923225310.0
006 a|||||r|||| 00| 0
007 ta
008 220922b |||||||| |||| 00| 0 hin d
024 _a262,242
037 _cTextual
040 _aARTS
_cARTS
_bhin
041 _2hin
_ahin
082 _aLB, 152N6
100 _aतिवारी, प्रेमवती
_9156292
245 0 _aआयुर्वेदीय प्रसूति तन्त्र एवं स्त्री रोग
246 _aĀyurvedīya prasūti tantra evan strī roga
260 _c1996
490 _vप्रथम भाग
942 _hLB, 152N6
_cTEXL
_2CC
999 _c377336
_d377336